Statistics for FIS Nordic World Ski Championships Hosts

Click here to take the quiz!

General Stats

  • This quiz has been taken 50 times
  • The average score is 29 of 58

Answer Stats

YearCity% Correct
1966Oslo
90%
1982Oslo
90%
2011Oslo
90%
1930Oslo
90%
2017Lahti
76%
1938Lahti
76%
2001Lahti
76%
1989Lahti
76%
1978Lahti
76%
1958Lahti
76%
1926Lahti
76%
Finland
71%
Norway
71%
Germany
68%
Italy
68%
Sweden
68%
1954Falun
66%
2015Falun
66%
1980Falun
66%
1974Falun
66%
1993Falun
66%
France
66%
Austria
61%
Switzerland
61%
Canada
59%
USA
59%
1933Innsbruck
56%
2007Sapporo
54%
Japan
51%
2003Val di Fiemme
51%
1991Val di Fiemme
51%
2013Val di Fiemme
51%
1997Trondheim
49%
Poland
46%
2009Liberec
44%
2005Oberstdorf
44%
1987Oberstdorf
44%
Czech Republic
41%
1999Ramsau
41%
1995Thunder Bay
39%
Czechoslovakia
37%
1985Seefeld
37%
1937Chamonix
32%
1962Zakopane
32%
1929Zakopane
32%
1939Zakopane
32%
1950Lake Placid
29%
West Germany
29%
1931Oberhof
27%
1984Rovaniemi
22%
1941Cortina d'Ampezzo
20%
1927Cortina d'Ampezzo
20%
1984Engelberg
7%
1925Janské Lázně
7%
1934Sollefteå
7%
1935Vysoké Tatry
5%
1970Vysoké Tatry
5%
1950Rumford
2%

Score Distribution

Percentile by Number Answered

Percent of People with Each Score

Your Score History

You have not taken this quiz